Benito Mussolini - Statistics

General Stats
  • This quiz has been taken 160 times
  • The average score is 5 of 19
Answer Stats
Question Answer % Correct
Who did Mussolini ally with during World War 2? Hitler
82%
Mussolini was a what? Fascist
80%
When did Mussolini become Prime Minister of Italy? 1922
79%
What was Mussolini's title? Il Duce
57%
Mussolini was a what before becoming a fascist? A socialist
49%
Italy invaded this country in 1940? Greece
34%
What military alliance did Germany and Italy sign? Pact of steel
28%
Where did Mussolini attempt to flee when Italy was invaded by the Allies? Switzerland
25%
Who hand power in Italy over to Mussolini? Victor Emmanuel III
24%
What did Mussolini think was a failed system? Democracy
20%
Who was Mussolini's mistresss? Clara Petacci
11%
Mussolini belonged to which political party? National Fascist Party
8%
Mussolini criticised this Treaty. Treaty of Versailles
7%
How many times did Mussolini marry? Twice
7%
When Was Mussolini executed? April 1945
6%
Why did Mussolini spend time in prison in 1910? Inciting violence
2%
Like Hitler, Mussolini was a what? Anti-Semite
1%
Between 1925 and 1927 Mussolini turned Italy into what? A police state
1%
What saved Mussolini from a military coup in 1941? German intervention
1%
No matching quizzes found
Score Distribution
Percent of People with Each Score
Percentile by Number Answered
Your Score History
You have not taken this quiz